[Event "BL 0304 TV Tegernsee - Stuttgarter Sfr"]
[Site "?"]
[Date "2003.11.23"]
[Round "4.2"]
[White "Bischoff, Klaus"]
[Black "Berezovsky, Igor"]
[Result "1-0"]
[WhiteElo "2564"]
[BlackElo "2444"]
[PlyCount "89"]
[EventDate "2003.??.??"]

1. c4 f5 2. b3 e5 3. Bb2 Nc6 4. g3 d5 5. cxd5 Qxd5 6. Nf3 e4 7. Nh4 Qf7 8. e3
Be6 9. Bb5 Nge7 10. f3 a6 11. Be2 O-O-O 12. O-O Ng6 13. fxe4 Nxh4 14. gxh4 Qg6+
15. Kh1 fxe4 16. Nc3 Bc5 17. Qe1 Nb4 18. Rc1 Nd3 19. Bxd3 exd3 20. Rg1 Qh5 21.
Rg5 Qf3+ 22. Kg1 Bb6 23. Na4 Kb8 24. Nxb6 cxb6 25. Qg3+ Qxg3+ 26. Rxg3 Rc8 27.
Rxc8+ Rxc8 28. e4 Rc2 29. Be5+ Ka7 30. Rxd3 Rxa2 31. Kf2 Ra3 32. Bxg7 Rxb3 33.
Rxb3 Bxb3 34. d4 Kb8 35. Ke3 Kc7 36. d5 b5 37. Kd4 b4 38. e5 a5 39. e6 b6 40.
Ke5 Bxd5 41. Kxd5 b3 42. Be5+ Kd8 43. Kc6 Ke7 44. Kxb6 Kxe6 45. Bb2 1-0

[Event "BL 0304 TV Tegernsee - Stuttgarter Sfr"]
[Site "?"]
[Date "2003.11.23"]
[Round "4.4"]
[White "Hertneck, Gerald"]
[Black "Papa, Severin"]
[Result "1/2-1/2"]
[WhiteElo "2524"]
[BlackElo "2401"]
[PlyCount "66"]
[EventDate "2003.??.??"]

1. c4 e5 2. g3 Nf6 3. Bg2 c6 4. Nf3 e4 5. Nd4 d5 6. cxd5 Qxd5 7. Nc2 Qh5 8. h3
Qg6 9. Nc3 Bd6 10. d4 exd3 11. Qxd3 Qxd3 12. exd3 O-O 13. Bg5 Nbd7 14. O-O-O h6
15. Be3 Nb6 16. Bd4 Nbd5 17. Nxd5 Nxd5 18. Bxd5 cxd5 19. Ne3 Be6 20. f4 Rfe8
21. Kb1 f6 22. Rc1 Kf8 23. h4 a6 24. Rhf1 h5 25. Kc2 Rac8+ 26. Kd2 Ke7 27. Ke2
Kd7 28. Kf3 Bb4 29. a3 Rxc1 30. Rxc1 Bd2 31. Rc5 Bxe3 32. Bxe3 Bg4+ 33. Kf2 Kd6
1/2-1/2

[Event "BL 0304 TV Tegernsee - Stuttgarter Sfr"]
[Site "?"]
[Date "2003.11.23"]
[Round "4.5"]
[White "Reuss, Andreas"]
[Black "Teske, Henrik"]
[Result "0-1"]
[WhiteElo "2361"]
[BlackElo "2518"]
[PlyCount "92"]
[EventDate "2003.??.??"]

1. d4 Nf6 2. c4 e6 3. Nf3 b6 4. a3 c5 5. g3 Ba6 6. b3 d5 7. Bg2 Nc6 8. O-O Be7
9. b4 Bxc4 10. Nbd2 Ba6 11. bxc5 bxc5 12. Qa4 Bb7 13. Rb1 Qd7 14. Nb3 c4 15.
Na5 Nxa5 16. Qxa5 Bc6 17. Ne5 Qc8 18. Bd2 O-O 19. Bb4 Re8 20. Rfc1 Bd8 21. Qc5
Ba4 22. Qxc8 Rxc8 23. Bc5 a5 24. Rb7 Rc7 25. Rcb1 Bb3 26. Rb5 a4 27. Kf1 Be7
28. Bxe7 Rexe7 29. Rc1 Rc8 30. Nd3 Rec7 31. Nc5 Nd7 32. Nxd7 Rxd7 33. Rc3 Kf8
34. f4 Rcc7 35. Ke1 Rb7 36. Rxb7 Rxb7 37. Kd2 Ba2 38. e4 Bb1 39. Bf3 dxe4 40.
Bd1 Bd3 41. Rc1 Rb2+ 42. Kc3 Rxh2 43. Bxa4 Ra2 44. Kb4 e3 45. Bb5 e2 46. Bxc4
Bxc4 0-1

[Event "BL 0304 TV Tegernsee - Stuttgarter Sfr"]
[Site "?"]
[Date "2003.11.23"]
[Round "4.6"]
[White "Stangl, Markus"]
[Black "Lorscheid, Gerhard"]
[Result "1/2-1/2"]
[WhiteElo "2493"]
[BlackElo "2297"]
[PlyCount "112"]
[EventDate "2003.??.??"]

1. Nf3 g6 2. d4 Bg7 3. e4 d6 4. Nc3 Nf6 5. Bf4 Nc6 6. Qd2 d5 7. exd5 Nxd5 8.
Bh6 Bxh6 9. Qxh6 Ncb4 10. Qd2 Bf5 11. Bb5+ c6 12. Ba4 Qd6 13. Ne5 f6 14. Nc4
Qe6+ 15. Ne3 O-O-O 16. Bb3 Nxc2+ 17. Bxc2 Nxe3 18. fxe3 Bxc2 19. Qxc2 Qxe3+ 20.
Qe2 Qxd4 21. Rd1 Qh4+ 22. g3 Rxd1+ 23. Kxd1 Qd4+ 24. Kc2 e5 25. Rd1 Qc5 26.
Qg4+ f5 27. Qh4 e4 28. Qf6 Re8 29. a3 Kc7 30. Qf7+ Qe7 31. Qc4 Kb8 32. Qd4 g5
33. Qd7 f4 34. gxf4 gxf4 35. Qf5 f3 36. Rd7 Rf8 37. Qh3 Qc5 38. Qg3+ Ka8 39.
Qc7 Qb6 40. Rf7 Rg8 41. Rg7 Qf2+ 42. Kb3 Rb8 43. Nxe4 Qe3+ 44. Nc3 Qe6+ 45. Kb4
f2 46. Rf7 c5+ 47. Kxc5 Rc8 48. Nd5 b6+ 49. Kd4 Qg4+ 50. Ke3 Rxc7 51. Nxc7+ Kb7
52. Nd5+ Kc6 53. Nb4+ Kb5 54. Rxf2 a5 55. Nd3 Qh3+ 56. Kd4 Qd7+ 1/2-1/2

[Event "BL 0304 TV Tegernsee - Stuttgarter Sfr"]
[Site "?"]
[Date "2003.11.23"]
[Round "4.7"]
[White "Heinatz, Thomas"]
[Black "Bromberger, Stefan"]
[Result "1/2-1/2"]
[WhiteElo "2332"]
[BlackElo "2448"]
[PlyCount "53"]
[EventDate "2003.??.??"]

1. e4 c5 2. Nf3 d6 3. Bb5+ Nd7 4. c3 Ngf6 5. d3 a6 6. Ba4 b5 7. Bc2 e5 8. O-O
Bb7 9. Re1 g6 10. a4 Bg7 11. axb5 axb5 12. Rxa8 Bxa8 13. Na3 Qb8 14. d4 O-O 15.
d5 c4 16. b3 cxb3 17. Bxb3 Rc8 18. Bd2 Qb6 19. Qe2 Nc5 20. Bc2 Rb8 21. h3 Qa5
22. Ra1 Bb7 23. Qe1 Qd8 24. Rb1 Ba6 25. Rb4 Qa5 26. Qc1 Bc8 27. Qb2 1/2-1/2

[Event "BL 0304 TV Tegernsee - Stuttgarter Sfr"]
[Site "?"]
[Date "2003.11.23"]
[Round "4.8"]
[White "Gross, David"]
[Black "Vuckovic, Aleksandar"]
[Result "1/2-1/2"]
[WhiteElo "2458"]
[BlackElo "2321"]
[PlyCount "80"]
[EventDate "2003.??.??"]

1. e4 c5 2. Nf3 Nc6 3. Bb5 g6 4. O-O Bg7 5. Re1 e5 6. Bxc6 dxc6 7. d3 Qe7 8. a3
Nf6 9. b4 O-O 10. Bb2 Bg4 11. Nbd2 Nd7 12. h3 Be6 13. bxc5 Qxc5 14. Ng5 Qe7 15.
Nxe6 Qxe6 16. a4 Rfd8 17. Qb1 b6 18. Bc3 a6 19. Qb2 b5 20. f4 Bf6 21. Rf1 exf4
22. Rxf4 Bxc3 23. Qxc3 Qe5 24. Qxe5 Nxe5 25. Nb3 Kg7 26. Raf1 Ra7 27. a5 Rd6
28. d4 Nc4 29. e5 Rd5 30. g4 Re7 31. R1f3 b4 32. g5 c5 33. Nxc5 Nxe5 34. Re3
Nc6 35. Rxe7 Rxg5+ 36. Rg4 Rxg4+ 37. hxg4 Nxe7 38. Nxa6 Nc6 39. d5 Nxa5 40.
Nxb4 Kf6 1/2-1/2

[Event "BL 0304 SK König Plauen - SC Baden Oos"]
[Site "?"]
[Date "2003.11.23"]
[Round "4.2"]
[White "Kindermann, Stefan"]
[Black "Shirov, Alexei"]
[Result "1/2-1/2"]
[WhiteElo "2542"]
[BlackElo "2737"]
[PlyCount "37"]
[EventDate "2003.??.??"]

1. e4 e5 2. Nf3 Nc6 3. Bb5 a6 4. Bxc6 dxc6 5. O-O Bg4 6. h3 h5 7. d3 Qf6 8. Be3
Bxf3 9. Qxf3 Qxf3 10. gxf3 Bd6 11. Nd2 Ne7 12. Nc4 Ng6 13. Rfd1 f6 14. Kf1 Kf7
15. c3 c5 16. d4 cxd4 17. cxd4 exd4 18. Nxd6+ cxd6 19. Rxd4 1/2-1/2

[Event "BL 0304 SK König Plauen - SC Baden Oos"]
[Site "?"]
[Date "2003.11.23"]
[Round "4.3"]
[White "Dautov, Rustem"]
[Black "Espig, Lutz"]
[Result "1-0"]
[WhiteElo "2610"]
[BlackElo "2429"]
[PlyCount "97"]
[EventDate "2003.??.??"]

1. d4 d5 2. c4 e6 3. Nf3 c5 4. cxd5 exd5 5. g3 Nc6 6. Bg2 Nf6 7. O-O Be7 8. Nc3
O-O 9. Bg5 Be6 10. dxc5 Bxc5 11. Rc1 Be7 12. Nd4 h6 13. Be3 Qd7 14. Na4 Bh3 15.
Nxc6 bxc6 16. Bc5 Bxg2 17. Kxg2 Rac8 18. Qd4 Ne4 19. Bxe7 Qxe7 20. Rc2 Rfd8 21.
Rfc1 Rd6 22. e3 Qd7 23. Nc5 Nxc5 24. Rxc5 Rb8 25. Ra5 Rb6 26. b4 Re6 27. a3 Qb7
28. Rac5 Re4 29. Qd3 Re6 30. R1c3 Qd7 31. h4 Qb7 32. Qc2 g6 33. h5 gxh5 34. Qf5
Rb5 35. Qxh5 Rxc5 36. Rxc5 Kf8 37. Qh4 Kg7 38. Qd4+ Kh7 39. Ra5 Re7 40. Qf6 Re6
41. Qd4 Re7 42. Qc5 Rc7 43. Qc2+ Kg7 44. Rc5 a6 45. Qc3+ f6 46. a4 Rd7 47. Kh2
Rd6 48. b5 axb5 49. axb5 1-0

[Event "BL 0304 SK König Plauen - SC Baden Oos"]
[Site "?"]
[Date "2003.11.23"]
[Round "4.5"]
[White "Krasenkow, Michal"]
[Black "Haskamp, Stefan"]
[Result "1-0"]
[WhiteElo "2597"]
[BlackElo "2308"]
[PlyCount "57"]
[EventDate "2003.??.??"]

1. d4 d6 2. c4 e5 3. Nf3 Nd7 4. e4 Ngf6 5. Nc3 g6 6. Be2 Bg7 7. O-O O-O 8. Qc2
Qe7 9. Rd1 c6 10. d5 cxd5 11. cxd5 Ne8 12. Nb5 Ndf6 13. a4 Bd7 14. Nd2 Ng4 15.
Nc4 h5 16. f3 Nh6 17. Be3 f5 18. Bxa7 f4 19. Nb6 Rd8 20. Nxd7 Rxd7 21. Rdc1 g5
22. Qd1 Nf6 23. Bb6 g4 24. Nc7 g3 25. h3 Nh7 26. Ne6 Nf7 27. Bb5 Nhg5 28. Bxd7
Qxd7 29. Rc7 1-0

[Event "BL 0304 SK König Plauen - SC Baden Oos"]
[Site "?"]
[Date "2003.11.23"]
[Round "4.6"]
[White "Kuraszkiewicz, Michael"]
[Black "Schlosser, Philipp"]
[Result "0-1"]
[WhiteElo "2304"]
[BlackElo "2560"]
[PlyCount "80"]
[EventDate "2003.??.??"]

1. d4 Nf6 2. Bg5 e6 3. e4 h6 4. Bxf6 Qxf6 5. Qd2 d6 6. Nc3 c6 7. f4 e5 8. dxe5
dxe5 9. f5 g6 10. Bd3 h5 11. Nf3 Bh6 12. Qe2 Nd7 13. O-O O-O 14. a4 Qe7 15. Kh1
Nf6 16. Rae1 b6 17. h3 Kg7 18. Qf2 Bd7 19. Nh2 Rh8 20. g3 Rad8 21. Nf3 Bc8 22.
Bc4 Rhf8 23. Rg1 Rd6 24. Rg2 Nh7 25. Bd3 Ng5 26. Kh2 Nxf3+ 27. Qxf3 a6 28. Qf2
b5 29. axb5 axb5 30. Ra1 Rfd8 31. Qb6 h4 32. g4 Bf4+ 33. Kh1 Rxd3 34. cxd3 Rxd3
35. g5 Rxh3+ 36. Kg1 gxf5 37. Qxc6 Bb7 38. Qf6+ Qxf6 39. gxf6+ Kxf6 40. Ra5
fxe4 0-1

[Event "BL 0304 SK König Plauen - SC Baden Oos"]
[Site "?"]
[Date "2003.11.23"]
[Round "4.7"]
[White "Buhmann, Rainer"]
[Black "Dirr, Ulrich"]
[Result "1-0"]
[WhiteElo "2532"]
[BlackElo "2299"]
[PlyCount "78"]
[EventDate "2003.??.??"]

1. Nf3 f5 2. c4 Nf6 3. Nc3 g6 4. g3 Bg7 5. Bg2 O-O 6. O-O d6 7. d4 Qe8 8. Re1
Qf7 9. b3 Ne4 10. Bb2 Nd7 11. Nd2 Nxc3 12. Bxc3 Nf6 13. Qc2 c6 14. a4 g5 15. a5
a6 16. e4 f4 17. e5 Ng4 18. Nf3 Bf5 19. Qe2 dxe5 20. dxe5 Qh5 21. h3 Nh6 22. g4
Bxg4 23. hxg4 Nxg4 24. Rad1 Nh6 25. Nh2 g4 26. f3 g3 27. Nf1 Nf5 28. Qe4 Nh4
29. Rd7 Ng6 30. Rxb7 c5 31. Rd1 Rad8 32. Rd5 e6 33. Rdd7 Rxd7 34. Rxd7 Rb8 35.
Qc6 Qf5 36. Qc7 Bxe5 37. Rg7+ Kh8 38. Rxh7+ Kg8 39. Rg7+ Kh8 1-0

[Event "BL 0304 SK König Plauen - SC Baden Oos"]
[Site "?"]
[Date "2003.11.23"]
[Round "4.8"]
[White "Pfretzschner, Roland"]
[Black "Keitlinghaus, Ludger"]
[Result "0-1"]
[WhiteElo "2222"]
[BlackElo "2503"]
[PlyCount "100"]
[EventDate "2003.??.??"]

1. e4 e6 2. d4 d5 3. exd5 exd5 4. Nf3 Bd6 5. c4 c6 6. Nc3 Ne7 7. Bd3 O-O 8. Qc2
h6 9. c5 Bc7 10. Be3 Bg4 11. Ne2 Nd7 12. h3 Bxf3 13. gxf3 f5 14. Nf4 Rf7 15.
O-O-O Nf8 16. h4 Qb8 17. Qd2 Neg6 18. Nxg6 Nxg6 19. Qc2 Qf8 20. Rde1 Nf4 21.
Bxf4 Bxf4+ 22. Kb1 Qc8 23. Re2 Qd7 24. Rhe1 Raf8 25. Re6 Qd8 26. Rh1 h5 27. Qe2
Kh7 28. a3 g6 29. Ka2 Rg7 30. Bc2 Rff7 31. Bd3 Re7 32. Re1 Rxe6 33. Qxe6 Qxh4
34. Bxf5 gxf5 35. Qxf5+ Kh8 36. Qc8+ Rg8 37. Qxb7 Qf6 38. Qd7 Qxd4 39. Rh1 Rg5
40. Qe8+ Kg7 41. Qxc6 Be5 42. Qb7+ Kh6 43. Rc1 Rg7 44. Qb3 Bf4 45. Rd1 Qc4 46.
Rxd5 Qxb3+ 47. Kxb3 h4 48. Rd4 Kg5 49. Rd5+ Kg6 50. Rd4 Rf7 0-1

[Event "BL 0304 Hamburger SK-SCA St. Ingbert"]
[Site "?"]
[Date "2003.11.23"]
[Round "4.1"]
[White "Marcelin, Cyril"]
[Black "Ftacnik, Lubomir"]
[Result "0-1"]
[WhiteElo "2503"]
[BlackElo "2598"]
[PlyCount "86"]
[EventDate "2003.11.23"]

1. d4 Nf6 2. c4 g6 3. Nc3 d5 4. Nf3 Bg7 5. Bg5 dxc4 6. e4 c5 7. d5 b5 8. Bxf6
Bxf6 9. e5 Bg7 10. Nxb5 Qa5+ 11. Nc3 Nd7 12. Bxc4 Nxe5 13. Nxe5 Bxe5 14. Qa4+
Qxa4 15. Nxa4 Bd4 16. Rc1 Bd7 17. Nc3 Rb8 18. b3 O-O 19. O-O Rfc8 20. Rfe1 Kf8
21. Ne4 h6 22. Ba6 Rd8 23. Nxc5 Bb5 24. Bxb5 Rxb5 25. Nd3 Rbxd5 26. Nb4 Rf5 27.
Re2 Rc5 28. Rb1 Rdc8 29. Kf1 Rc1+ 30. Re1 Rxb1 31. Rxb1 a5 32. Nd3 Rc2 33. b4
Rd2 34. Rb3 axb4 35. a3 e5 36. f3 bxa3 37. Rxa3 f5 38. h4 Kf7 39. Rb3 Ke6 40.
Ra3 g5 41. hxg5 hxg5 42. g4 fxg4 43. fxg4 Kd5 0-1

[Event "BL 0304 Hamburger SK-SCA St. Ingbert"]
[Site "?"]
[Date "2003.11.23"]
[Round "4.2"]
[White "Atalik, Suat"]
[Black "Lazarev, Vladimir"]
[Result "1-0"]
[WhiteElo "2599"]
[BlackElo "2521"]
[PlyCount "77"]
[EventDate "2003.11.23"]

1. d4 Nf6 2. c4 e6 3. Nc3 Bb4 4. e3 c5 5. Nf3 d5 6. a3 cxd4 7. axb4 dxc3 8.
bxc3 O-O 9. Bb2 b6 10. cxd5 Qxd5 11. Qxd5 Nxd5 12. e4 Nf6 13. Nd2 Bb7 14. f3
Rd8 15. Nc4 Ne8 16. Be2 Nd7 17. Kf2 a6 18. Rhd1 Bc6 19. Bc1 b5 20. Na5 Rac8 21.
Bg5 f6 22. Be3 Kf7 23. Rd2 Ba8 24. Rad1 Ke7 25. c4 bxc4 26. Nxc4 Rb8 27. Ba7
Rbc8 28. Bb6 Nc7 29. Ba5 Bc6 30. Nd6 Nb5 31. Nxb5 axb5 32. Bxd8+ Rxd8 33. Rc1
Nb8 34. Rxd8 Kxd8 35. Rc5 Kc7 36. Bxb5 Kb6 37. Bxc6 Nxc6 38. Ke3 Nxb4 39. Rc8
$138 1-0

[Event "BL 0304 Hamburger SK-SCA St. Ingbert"]
[Site "?"]
[Date "2003.11.23"]
[Round "4.3"]
[White "Bricard, Emmanuel"]
[Black "Gustafsson, Jan"]
[Result "0-1"]
[WhiteElo "2456"]
[BlackElo "2570"]
[PlyCount "140"]
[EventDate "2003.11.23"]

1. d4 d5 2. Bg5 h6 3. Bh4 c6 4. e3 Qb6 5. Nd2 Qxb2 6. Bd3 e6 7. Ngf3 Nd7 8. O-O
Be7 9. Bg3 Ngf6 10. c4 O-O 11. a4 Qb6 12. a5 Qd8 13. h3 c5 14. Qb3 Nb8 15. cxd5
exd5 16. dxc5 Nbd7 17. c6 bxc6 18. Qc2 Nc5 19. Rfc1 Nxd3 20. Qxd3 c5 21. Ne5
Bd6 22. Nc6 Qd7 23. Bxd6 Qxd6 24. Qb5 c4 25. Nd4 Bd7 26. Qb2 Rab8 27. Qc3 Rfe8
28. Rcb1 Rxb1+ 29. Rxb1 Rb8 30. Rxb8+ Qxb8 31. f3 Qg3 32. Nf1 Qg6 33. Kf2 Qb1
34. Ng3 Qb8 35. Qa3 Qf8 36. Qc3 Qc5 37. Nge2 Ne8 38. Nc2 Nc7 39. Qb4 Qxb4 40.
Nxb4 Kf8 41. e4 dxe4 42. fxe4 Ke7 43. Ke3 Nb5 44. e5 Ke6 45. Ke4 g5 46. g3 c3
47. h4 Be8 48. hxg5 hxg5 49. Nc1 f5+ 50. exf6 Bg6+ 51. Ke3 Kxf6 52. Nb3 Ke5 53.
Nc6+ Kd5 54. Ne7+ Kc4 55. Nc1 Bh7 56. Nc6 Kd5 57. Nb4+ Kc5 58. Nbd3+ Kd6 59.
Nb4 Bf5 60. Nbd3 Kd5 61. Nb4+ Kc4 62. Nc6 c2 63. Ne5+ Kc3 64. Ne2+ Kb4 65. g4
Be6 66. Kd2 Kb3 67. Nf3 Bxg4 68. Nc1+ Kb2 69. Nxg5 Bf5 70. Nf3 Nc3 0-1

[Event "BL 0304 Hamburger SK-SCA St. Ingbert"]
[Site "?"]
[Date "2003.11.23"]
[Round "4.4"]
[White "Hansen, Sune Berg"]
[Black "Nguyen, Chi Minh"]
[Result "1-0"]
[WhiteElo "2551"]
[BlackElo "2385"]
[PlyCount "55"]
[EventDate "2003.11.23"]

1. e4 e6 2. d4 d5 3. Nd2 Nf6 4. e5 Nfd7 5. c3 c5 6. Bd3 Nc6 7. Ne2 a5 8. O-O
cxd4 9. cxd4 a4 10. a3 Nb6 11. Nf3 Be7 12. Nc3 Bd7 13. Bc2 Ra5 14. Rb1 Qa8 15.
Ng5 h6 16. Nh3 Kd8 17. Nf4 g6 18. Be3 Nc4 19. Bxa4 N6xe5 20. dxe5 Bxa4 21. Nxa4
Rxa4 22. Nxd5 exd5 23. Qxd5+ Ke8 24. b3 Nxa3 25. bxa4 Nxb1 26. Qb5+ Kf8 27.
Rxb1 Kg7 28. Qxb7 1-0

[Event "BL 0304 Hamburger SK-SCA St. Ingbert"]
[Site "?"]
[Date "2003.11.23"]
[Round "4.5"]
[White "Drollinger, Dennis"]
[Black "Bezold, Michael"]
[Result "0-1"]
[WhiteElo "2275"]
[BlackElo "2462"]
[PlyCount "68"]
[EventDate "2003.11.23"]

1. e4 c5 2. Nf3 e6 3. d4 cxd4 4. Nxd4 a6 5. Nc3 b5 6. Bd3 Qb6 7. Be3 Bc5 8. Be2
Nc6 9. Nxc6 dxc6 10. Bxc5 Qxc5 11. Qd3 e5 12. O-O-O Be6 13. Qg3 Kf8 14. f4 exf4
15. Qxf4 Ne7 16. Rhf1 Rc8 17. Rd7 Kg8 18. Bh5 Ng6 19. Bxg6 hxg6 20. Rd2 Rh5 21.
a3 a5 22. Rfd1 Kh7 23. h3 b4 24. axb4 axb4 25. Nb1 Qa5 26. g4 Qe5 27. Qf3 Rh6
28. Rd8 Qg5+ 29. R8d2 c5 30. b3 c4 31. bxc4 Rxc4 32. Kb2 Qe5+ 33. Kc1 Qa1 34.
Rd8 Rc3 $138 0-1

[Event "BL 0304 Hamburger SK-SCA St. Ingbert"]
[Site "?"]
[Date "2003.11.23"]
[Round "4.7"]
[White "Bock, Andreas"]
[Black "Reeh, Oliver"]
[Result "0-1"]
[WhiteElo "2158"]
[BlackElo "2446"]
[PlyCount "46"]
[EventDate "2003.11.23"]

1. e4 c5 2. Nf3 d6 3. d4 cxd4 4. Nxd4 Nf6 5. Nc3 Nc6 6. Bg5 Bd7 7. f4 Qb6 8.
Nb3 Ng4 9. Qf3 Nb4 10. Rc1 h6 11. f5 Ne5 12. Qh3 hxg5 13. Qxh8 Ng4 14. Nd1 Nxa2
15. Ra1 Nb4 16. Rc1 Rc8 17. c3 Na2 18. Ra1 Qxb3 19. Be2 Nf6 20. Bd3 Nb4 21. Bb1
Nc2+ 22. Bxc2 Qxc2 23. O-O Qxe4 0-1

[Event "BL 0304 Hamburger SK-SCA St. Ingbert"]
[Site "?"]
[Date "2003.11.23"]
[Round "4.8"]
[White "Heinemann, Thies"]
[Black "Callam, Hannes"]
[Result "1-0"]
[WhiteElo "2426"]
[BlackElo "2167"]
[PlyCount "97"]
[EventDate "2003.11.23"]

1. e4 e5 2. Nf3 Nf6 3. Nc3 Nc6 4. d4 exd4 5. Nxd4 Bb4 6. Nxc6 bxc6 7. Bd3 d5 8.
exd5 Qe7+ 9. Qe2 cxd5 10. Qxe7+ Kxe7 11. O-O c6 12. a3 Bd6 13. Re1+ Be6 14. Ne2
Rhe8 15. Nd4 Kd7 16. h3 Kc7 17. Bd2 Bd7 18. Nf5 Bxf5 19. Bxf5 g6 20. Ba5+ Kb7
21. Bd3 Rxe1+ 22. Rxe1 Re8 23. Rxe8 Nxe8 24. c4 Be5 25. b3 Nd6 26. cxd5 cxd5
27. Kf1 Kc6 28. a4 Kc5 29. Ke2 Ne4 30. f3 Nc3+ 31. Kd2 Na2 32. Bb5 Bf4+ 33. Ke1
Nb4 34. Be8 f6 35. Bd8 Nc2+ 36. Ke2 Nd4+ 37. Kd3 Nxb3 38. Be7+ Kb6 39. Bxf6 Kc5
40. Kc3 Nd2 41. Bd4+ Kd6 42. Bxa7 Kc7 43. Bb5 Nc4 44. Bxc4 dxc4 45. Kxc4 Kc6
46. a5 Kb7 47. Bb6 Ka6 48. Kd5 Kb5 49. Ke6 1-0

[Event "BL 0304 SC Kreuzberg - SF Katernberg"]
[Site "?"]
[Date "2003.11.23"]
[Round "4.2"]
[White "Nisipeanu, Liviu-Dieter"]
[Black "Chuchelov, Vladimir"]
[Result "1-0"]
[WhiteElo "2675"]
[BlackElo "2603"]
[PlyCount "49"]
[EventDate "2003.??.??"]

1. e4 c5 2. Nf3 Nc6 3. c3 d5 4. exd5 Qxd5 5. d4 e6 6. Be3 cxd4 7. cxd4 Nf6 8.
Nc3 Qd6 9. a3 Be7 10. Bd3 O-O 11. O-O b6 12. Qe2 Bb7 13. Rad1 Rad8 14. Bb1 Rfe8
15. Ng5 Qc7 16. f4 Bf8 17. f5 exf5 18. Ba2 Rd7 19. Rxf5 h6 20. Rxf6 gxf6 21.
Nge4 Bg7 22. Bxh6 f5 23. Qh5 Rxe4 24. Nxe4 Nxd4 25. Nf6+ 1-0

[Event "BL 0304 SC Kreuzberg - SF Katernberg"]
[Site "?"]
[Date "2003.11.23"]
[Round "4.3"]
[White "Glek, Igor V"]
[Black "Maiwald, Jens-Uwe"]
[Result "0-1"]
[WhiteElo "2555"]
[BlackElo "2543"]
[PlyCount "64"]
[EventDate "2003.??.??"]

1. e4 c5 2. Nf3 e6 3. d3 Nc6 4. g3 Nf6 5. Bg2 Be7 6. O-O O-O 7. Qe2 d6 8. c3
Bd7 9. Nbd2 Rc8 10. Ng5 h6 11. Nh3 b5 12. f4 Nh7 13. Nf3 b4 14. c4 f5 15. Nf2
Bf6 16. Be3 Qb6 17. g4 Nd4 18. Nxd4 Bxd4 19. Bxd4 cxd4 20. exf5 exf5 21. g5
hxg5 22. fxg5 Nxg5 23. Bd5+ Kh8 24. Qh5+ Nh7 25. Bf7 Be8 26. Bxe8 Rcxe8 27. Nh3
Qd8 28. Nf4 Kg8 29. Ng6 Rf6 30. Rxf5 Qd7 31. Raf1 Qe6 32. Rxf6 Nxf6 {ZUe} 0-1

[Event "BL 0304 SC Kreuzberg - SF Katernberg"]
[Site "?"]
[Date "2003.11.23"]
[Round "4.4"]
[White "Tischbierek, Raj"]
[Black "Senff, Martin"]
[Result "1/2-1/2"]
[WhiteElo "2519"]
[BlackElo "2446"]
[PlyCount "47"]
[EventDate "2003.??.??"]

1. g3 d5 2. Bg2 Nf6 3. d3 c6 4. Nd2 e5 5. e4 Bc5 6. Ngf3 dxe4 7. dxe4 O-O 8.
O-O Re8 9. Qe1 a5 10. a4 b6 11. b3 Ba6 12. c4 Nbd7 13. Bb2 Bb4 14. Qe3 Qc7 15.
Rfd1 Rad8 16. Bc3 Ng4 17. Qd3 Nc5 18. Qc2 Nd3 19. Bxb4 Nxb4 20. Qb1 Qe7 21. h3
Nf6 22. Ne1 h6 23. Nf1 Bc8 24. Qb2 1/2-1/2

[Event "BL 0304 SC Kreuzberg - SF Katernberg"]
[Site "?"]
[Date "2003.11.23"]
[Round "4.5"]
[White "Siebrecht, Sebastian"]
[Black "Lau, Ralf"]
[Result "1/2-1/2"]
[WhiteElo "2435"]
[BlackElo "2503"]
[PlyCount "88"]
[EventDate "2003.??.??"]

1. d4 d6 2. c4 e5 3. Nf3 exd4 4. Nxd4 g6 5. Nc3 Bg7 6. g3 Ne7 7. Bg2 O-O 8. Bg5
h6 9. Be3 Nd7 10. f4 Nb6 11. Qb3 c5 12. Ndb5 Be6 13. Nd5 Bxd5 14. cxd5 c4 15.
Qa3 Nbxd5 16. Bf2 a6 17. Nc3 Nxc3 18. bxc3 d5 19. O-O Re8 20. Rfd1 Qc7 21. Rab1
b5 22. Rd2 Bf8 23. Bc5 Rac8 24. Bb4 Qa7+ 25. Kh1 h5 26. Qc1 Bg7 27. Bxe7 Rxe7
28. Bxd5 Qe3 29. Rc2 Rc5 30. Bf3 g5 31. fxg5 Rxg5 32. Kg2 h4 33. Qxe3 Rxe3 34.
Rbc1 hxg3 35. hxg3 Rg6 36. Kf2 Rge6 37. Kg2 Kf8 38. Kf2 Ke7 39. Bg4 R6e5 40.
Bf3 Kd6 41. Rd1+ Kc7 42. a4 Bf8 43. axb5 axb5 44. Kg2 Bc5 1/2-1/2

[Event "BL 0304 SC Kreuzberg - SF Katernberg"]
[Site "?"]
[Date "2003.11.23"]
[Round "4.6"]
[White "Kalinitschew, Sergey"]
[Black "Thesing, Matthias"]
[Result "1-0"]
[WhiteElo "2519"]
[BlackElo "2437"]
[PlyCount "121"]
[EventDate "2003.??.??"]

1. c4 c5 2. Nf3 Nf6 3. Nc3 e6 4. e3 d5 5. cxd5 exd5 6. d4 Nc6 7. Bb5 Bd6 8.
dxc5 Bxc5 9. O-O O-O 10. b3 Bg4 11. Bb2 Rc8 12. Rc1 Bd6 13. Ne2 Bxf3 14. gxf3
Be5 15. Qd2 Qd6 16. Kh1 Bxb2 17. Qxb2 Qe5 18. Qxe5 Nxe5 19. Nd4 Rfd8 20. Kg2
Kf8 21. Rfd1 Ng6 22. Kf1 Ne7 23. Ke2 Rxc1 24. Rxc1 Rc8 25. Rd1 g6 26. Kd2 Rc5
27. b4 Rc7 28. Ba4 Nc8 29. Nb5 Rc4 30. a3 Ke7 31. Nd4 Nd6 32. Bb3 Rc8 33. a4
Rc7 34. a5 Rc8 35. Ra1 Nf5 36. Nxf5+ gxf5 37. Rg1 f4 38. Rg5 fxe3+ 39. fxe3 b6
40. axb6 axb6 41. Re5+ Kd6 42. Rf5 Ke7 43. h4 Rg8 44. Rg5 Kd6 45. Kc3 Rc8+ 46.
Kd4 Rc1 47. e4 dxe4 48. fxe4 Nd7 49. e5+ Ke7 50. Rg7 Rb1 51. Rxf7+ Ke8 52. e6
Rxb3 53. exd7+ Kd8 54. Kc4 Re3 55. Kb5 Re5+ 56. Kxb6 Re4 57. Rxh7 Rxb4+ 58. Kc5
Ra4 59. h5 Ra5+ 60. Kb4 Rf5 61. h6 1-0

[Event "BL 0304 SFR Neukölln - SG Köln Porz"]
[Site "?"]
[Date "2003.11.23"]
[Round "4.4"]
[White "Borriss, Martin Dr"]
[Black "Graf, Alexander"]
[Result "1-0"]
[WhiteElo "2445"]
[BlackElo "2646"]
[PlyCount "101"]
[EventDate "2003.??.??"]

1. e4 e5 2. Nf3 Nc6 3. Bb5 a6 4. Ba4 Nf6 5. O-O Be7 6. Re1 b5 7. Bb3 d6 8. c3
O-O 9. h3 Na5 10. Bc2 c5 11. d4 Nc6 12. a4 b4 13. Nbd2 cxd4 14. cxd4 a5 15. Nc4
exd4 16. Nxd4 Nxd4 17. Qxd4 Be6 18. Nb6 Rb8 19. Be3 Qc7 20. Rac1 Qb7 21. Nc4 b3
22. Bd3 Qb4 23. Bd2 Qxa4 24. Ra1 Qc6 25. Nxa5 Qd7 26. Nc4 Rfe8 27. Bc3 Qc7 28.
Ra6 Qc5 29. Nxd6 Qxd4 30. Bxd4 Red8 31. e5 Nd5 32. Ra7 Bxd6 33. exd6 Nb4 34.
Rxe6 fxe6 35. Rxg7+ Kf8 36. Bxh7 Rbc8 37. Rg8+ Kf7 38. Rg7+ Kf8 39. d7 Rc1+ 40.
Kh2 Nd5 41. Bg6 Rc4 42. Rf7+ Kg8 43. Be5 Rh4 44. g4 Rh6 45. Rg7+ Kf8 46. g5 Rh4
47. Rf7+ Kg8 48. Kg3 Ra4 49. Rh7 Kf8 50. Bf6 Nxf6 51. gxf6 1-0

[Event "BL 0304 SFR Neukölln - SG Köln Porz"]
[Site "?"]
[Date "2003.11.23"]
[Round "4.5"]
[White "Gurevich, Mikhail"]
[Black "Poldauf, Dirk"]
[Result "1/2-1/2"]
[WhiteElo "2656"]
[BlackElo "2404"]
[PlyCount "118"]
[EventDate "2003.??.??"]

1. d4 Nf6 2. c4 g6 3. Nc3 Bg7 4. e4 d6 5. Nf3 O-O 6. Be2 e5 7. O-O Na6 8. Be3
Ng4 9. Bg5 Qe8 10. dxe5 dxe5 11. h3 h6 12. Bd2 Nf6 13. Be3 Qe7 14. a3 c6 15.
Re1 Nc5 16. Qc2 Nh5 17. Rad1 Ne6 18. b4 Nhf4 19. c5 Nxe2+ 20. Qxe2 f5 21. exf5
gxf5 22. Qc4 e4 23. Nd4 Qf7 24. Nde2 f4 25. Bc1 e3 26. Ne4 f3 27. N2g3 exf2+
28. Nxf2 fxg2 29. Nfe4 Kh8 30. Be3 Be5 31. Rd2 Rg8 32. Rxg2 Qg7 33. Qe2 Nd4 34.
Qh5 Nf5 35. Bf2 Bd7 36. Ng5 Be8 37. Nxf5 Bxh5 38. Nxg7 Bxg7 39. Ne6 Bc3 40.
Bd4+ Bxd4+ 41. Nxd4 Bf7 42. Re7 Bd5 43. Rxg8+ Rxg8+ 44. Kf2 Rg2+ 45. Ke3 Rg3+
46. Kf4 Rxh3 47. Nf5 Rxa3 48. Rxb7 a5 49. Ne7 Bh1 50. Ke5 axb4 51. Kf6 Rf3+ 52.
Kg6 Rg3+ 53. Kxh6 Rh3+ 54. Kg5 b3 55. Kf6 Be4 56. Ke5 Bh1 57. Kf6 Be4 58. Ke5
Bh1 59. Kf6 Be4 1/2-1/2